000 00321nam a2200133Ia 4500
999 _c6751
_d6751
003 OSt
008 191201s2017 xx 000 0 und d
100 _aMOORE, Kieron
245 0 _aBuddha an Enlightened Life
260 _bKALYANI NAVYUG MEDIA PVT LTD
_c2017
300 _a147
650 _aGeneral Books
942 _2ddc
_cBK